Epigrafia e archeologia romana nel territorio marchigiano: ATTi del convegno di studi -Macerata, 22-23 aprile 2013-
Αποθηκεύτηκε σε:
| Κύριος συγγραφέας: | |
|---|---|
| Μορφή: | Βιβλίο |
| Γλώσσα: | Ιταλικά |
| Έκδοση: |
Roma
Edizione Tored
2013
|
| Έκδοση: | 1a. ed |
| Θέματα: | |
| Ετικέτες: |
Προσθήκη ετικέτας
Δεν υπάρχουν, Καταχωρήστε ετικέτα πρώτοι!
|
MARC
| LEADER | 00000cam a2200000 a 4500 | ||
|---|---|---|---|
| 001 | UCD8721 | ||
| 003 | CL-VaPUC | ||
| 008 | 170519e20130000it |||||||||||||||||ita|d | ||
| 020 | |a 9788888617749 | ||
| 082 | 0 | 4 | |a 930.1 |b PAC |2 21 |
| 100 | |a Paci, Gianfranco |e autore |9 592198 | ||
| 245 | 1 | 0 | |a Epigrafia e archeologia romana nel territorio marchigiano: ATTi del convegno di studi -Macerata, 22-23 aprile 2013- |
| 250 | |a 1a. ed | ||
| 300 | |a 620 p | ||
| 942 | |c BK | ||
| 945 | |d 20170519 15:42:00 |a arojas | ||
| 260 | |a Roma |b Edizione Tored |c 2013 | ||
| 650 | 0 | |a Arqueología |9 265619 | |
| 650 | 7 | |a EPIGRAFES |2 CL-VaPUC |9 463373 | |
| 651 | 0 | |a Italia |9 254949 | |
| 583 | |a last modification |c 20170519 15:42:00 |k Rodrigo Vera | ||
| 999 | |c 368030 |d 368028 | ||
| 952 | |0 0 |1 0 |3 erb |4 0 |6 930_100000000000000_PAC_2013 |7 0 |8 A |9 483280 |a FDOLAF |b FDOLAF |e Laffi, Umberto, 1939- |i 5391504 |o 930.1 PAC 2013 |p 5391504 |r 2024-01-30 |w 2019-11-24 |y BK |z Catalogado en:20170519 |k LAF | ||